LEADER 01448nam--2200409---450- 001 990001070520203316 005 20020417160005.0 035 $a000107052 035 $aUSA01000107052 035 $a(ALEPH)000107052USA01 035 $a000107052 100 $a20020417d1982----km-y0itay0103----ba 101 $aeng 102 $aDE 105 $a||||||||001yy 200 1 $aRepresentations of algebras$eworkshop notes of the Third International Conference on Representations of Algebras, held in Puebla, Mexico, August 4-8, 1980$fedited by M. Auslander and E. Lluis 210 $aBerlin$cSpringer verlag$d1982 215 $aIV, 258 p.$cill.$d24 cm 225 2 $aLecture notes in mathematics$v944 410 $12001$aLecture notes in mathematics$v944 610 $aRappresentazioni$aAlgebra$aCongressi$a1980 676 $a512.72 702 1$aAUSLANDER,$BMaurice 702 1$aLLUIS,$BEmilio 710 10$AInternational Conference on Representation of Algebras <3., Puebla, 1980>$00 801 0$aIT$bsalbc$gISBD 912 $a990001070520203316 951 $a510 LNM 944$b9795 CBS$c510$D00110047 959 $aBK 969 $aSCI 979 $aPATTY$b90$c20020417$lUSA01$h1558 979 $aPATTY$b90$c20020417$lUSA01$h1559 979 $aPATTY$b90$c20020417$lUSA01$h1559 979 $aPATTY$b90$c20020417$lUSA01$h1600 979 $aPATRY$b90$c20040406$lUSA01$h1714 996 $aRepresentations of algebras$980322 997 $aUNISA LEADER 01832nas 2200577-a 450 001 9910131836403321 005 20240413022852.0 035 $a(CKB)110978978555477 035 $a(CONSER)---83642435- 035 $a(EXLCZ)99110978978555477 100 $a19830405a19839999 --- b 101 0 $adut 181 $ctxt$2rdacontent 182 $cc$2rdamedia 183 $acr$2rdacarrier 200 00$aRevue de droit commercial belge =$eTijdschrift voor Belgisch handelsrecht 210 $aAntwerpen [Belgium] $cM. Kluwer$d[1983- 215 $a1 online resource 300 $aTitle from cover. 300 $aAt head of title, Dec. 1984- : R.D.C., T.B.H. 300 $aRefereed/Peer-reviewed 311 $aPrint version: Revue de droit commercial belge = (DLC) 83642435 (OCoLC)9375907 0772-8050 517 3 $aTijdschrift voor Belgisch handelsrecht 517 3 $aR.D.C. 517 3 $aT.B.H. 517 3 $aRDC 517 3 $aTBH 531 $aTIJDSCHRIFT VOOR BELGISCH HANDELSRECHT 531 $aRDC 531 $aRDC-TBH 606 $aCommercial law$zBelgium$vCases 606 $aCommercial law$zBelgium$vPeriodicals 606 $a86.27 commercial law$3(NL-LeOCL)077607961$2bcl 606 $aCommercial law$2fast$3(OCoLC)fst00869502 606 $aHandelsrecht$2gtt 606 $aEconomisch recht$2gtt 606 $aOndernemingsrecht$2gtt 607 $aBelgium$2fast 608 $aPeriodicals.$2fast 608 $aTrials, litigation, etc.$2fast 615 0$aCommercial law 615 0$aCommercial law 615 7$a86.27 commercial law. 615 7$aCommercial law. 615 17$aHandelsrecht. 615 17$aEconomisch recht. 615 17$aOndernemingsrecht. 906 $aJOURNAL 912 $a9910131836403321 996 $aRevue de droit commercial belge$92095811 997 $aUNINA